Návrh informačného systému pre autodopravu

Salvato in:
Dettagli Bibliografici
Autore principale: Pútec, Michal (Autore)
Altri autori: Horák, Tibor (Relatore della tesi)
Natura: Manoscritto Libro
Lingua:slovacco
Pubblicazione: 2022
Soggetti:
Accesso online:http://is.stuba.sk/zp/portal_zp.pl?podrobnosti=155478
Tags: Aggiungi Tag
Nessun Tag, puoi essere il primo ad aggiungerne!!

MARC

LEADER 00000ntm a22000003a 4500
001 stuzp90085
003 SK-STU
005 20220702212120.2
007 ta
008 150427s2015----xo-----f-mn---000-0-slo-d
040 |a STU  |b slo 
041 0 |a slo 
100 1 |a Pútec, Michal  |u 066000  |4 aut  |U MTF Materiálovotechnologická fakulta  |T MTF Ústav aplikovanej informatiky, automatizácie a mechatroniky  |X 103409  |U M6000  |Y 86  |7 103409 
242 0 1 |a Design of information system for road transport  |y eng 
245 1 0 |a Návrh informačného systému pre autodopravu 
260 |c 2022 
650 4 |a Informačný systém  |2 slo 
650 4 |a C#  |2 slo 
650 4 |a Oracle SQL Developer  |2 slo 
650 4 |a Databáza  |2 slo 
650 4 |a UML  |2 slo 
650 4 |a Information system  |2 eng 
650 4 |a C#  |2 eng 
650 4 |a Database  |2 eng 
650 4 |a Oracle SQL Developer  |2 eng 
650 4 |a UML  |2 eng 
700 1 |a Horák, Tibor  |u 066000  |k Z2  |4 ths  |U MTF Materiálovotechnologická fakulta  |T MTF Ústav aplikovanej informatiky, automatizácie a mechatroniky  |X 8418  |U M6000  |Y 86  |7 8418 
856 4 |u http://is.stuba.sk/zp/portal_zp.pl?podrobnosti=155478 
996 |c M* BP-9444  |l MMSKP  |s P  |a 0  |w stuzp90085_0001